Datum a čas kvízu
30
Celkem bodů
Celkový počet nahraných bodů na tomto kvízu bez doplňovacích otázek.
6.
Pořadí na kvízu
Konečné umístění týmu na tomto kvízu.
Zaznamenané odpovědi
| # | Otázka | Odpověď | Body | Výsledky |
|---|---|---|---|---|
| 1. | Jedna kavárna na Šumavě zařadi... | o smažený sýr | 1 | |
| 2. | Na Světovém ekonomickém fóru v... | Václava Havla | 1 | |
| 3. | Fotografií roku 2025 se v sout... | A) konec hlubinné těžby uhlí na Ostravsku | 1 | |
| 4. | Společnost Ryanair se dostala... | o Elona Muska | 1 | |
| 5. | Ve kterém sportu povede nově č... | A | 0 | |
| 6. | Jak se jmenuje horolezec, jenž... | Radek Jaroš | 0 | |
| 7. | Jak se trojslovně jmenuje disc... | lezení na obtížnost | 0 | |
| 8. | Jak se jmenuje tento základní... | dračí smyčka | 0 | |
| 9. | Za půl bodu napište jméno ikon... | Matterhorn, Švýcarsko a Itálie | 0.5 | |
| 10. | Jak se jmenuje fenomenální slo... | B) Janja Garnbret | 0 |